Ley contra la minería: una victoria histórica contra el deslumbrante brillo del oro/
En el texto se desarrolla los acontecimientos relevantes que llevaron a la prohibición de la minería metálica en general, en todas sus modalidades (cielo abierto, subterránea) y en todas sus fases (exploración, extracción, explotación y procesamiento); en El Salvador. Se destacan como factores funda...
Uloženo v:
| Hlavní autor: | |
|---|---|
| Médium: | Kniha |
| Jazyk: | Spanish |
| Témata: | |
| Tagy: |
Přidat tag
Žádné tagy, Buďte první, kdo vytvoří štítek k tomuto záznamu!
|
MARC
| LEADER | 00000nam a22000007a 4500 | ||
|---|---|---|---|
| 003 | cru CIDCACS/IIS | ||
| 005 | 20181009155348.0 | ||
| 007 | ta | ||
| 008 | 171208s2017 nq |||p|r||||||0| 0|spa|d | ||
| 999 | |c 40728 |d 40728 | ||
| 040 | |c cru CIDCACS/IIS | ||
| 100 | 1 | |9 6232 |a Serrano, Omar | |
| 245 | 1 | |a Ley contra la minería: |b una victoria histórica contra el deslumbrante brillo del oro/ |c Omar Serrano | |
| 300 | |a páginas 22-27 | ||
| 520 | |a En el texto se desarrolla los acontecimientos relevantes que llevaron a la prohibición de la minería metálica en general, en todas sus modalidades (cielo abierto, subterránea) y en todas sus fases (exploración, extracción, explotación y procesamiento); en El Salvador. Se destacan como factores fundamentales para tal prohibición: la contaminación inminente de la actividad minera, sus deficientes efectos en el desarrollo económico y en el desempleo. Se concluye que la prohibición de la actividad minera es resultado de lucha comunal, acciones colectivas y movimientos ambientalistas (contando a ambientalistas asesinados), que en consecuencia, es una acción en pro de la recuperación y protección del medio ambiente. | ||
| 650 | 0 | |9 341 |a MEDIO AMBIENTE | |
| 650 | 0 | |9 7787 |a INDUSTRIA MINERA | |
| 650 | 0 | |9 7788 |a LUCHA CONTRA LA CONTAMINACION | |
| 650 | 0 | |9 396 |a MOVIMIENTOS CAMPESINOS | |
| 650 | 0 | |9 2234 |a CONSERVACION DE LA NATURALEZA | |
| 650 | 0 | |9 993 |a MINERIA | |
| 650 | 4 | |9 2628 |a LEGISLACION AMBIENTAL | |
| 650 | 0 | |9 5368 |a PROTECCION AMBIENTAL | |
| 650 | 0 | |9 7789 |a AMBIENTALISMO | |
| 650 | 0 | |9 7790 |a MOVIMIENTO ECOLOGICO | |
| 651 | 4 | |9 1928 |a EL SALVADOR | |
| 773 | 0 | |0 19513 |9 1695 |a Universidad Centroamericana (UCA) de Managua, Nicaragua |d Managua: Nicaragua UCA 1981- |o 18365 |t Envio | |
| 942 | |2 ddc |c PP | ||
